000 01546nam a2200373Ia 4500
001 ebr10595445
003 CaPaEBR
006 m u
007 cr cn|||||||||
008 110202s2011 vaua sb s001 0 eng d
010 _z 2011004064
020 _z0813931266 (cloth : alk. paper)
020 _z0813931363 (ebk.)
020 _z9780813931265 (cloth : alk. paper)
020 _z9780813931364 (ebk.)
040 _aCaPaEBR
_cCaPaEBR
035 _a(OCoLC)757509376
050 1 4 _aPR888.M85
_bH63 2011eb
082 0 4 _a823/.91209355
_222
100 1 _aHoberman, Ruth.
245 1 0 _aMuseum trouble
_h[electronic resource] :
_bEdwardian fiction and the emergence of modernism /
_cRuth Hoberman.
260 _aCharlottesville :
_bUniversity of Virginia Press,
_c2011.
300 _axi, 236 p. :
_bill.
504 _aIncludes bibliographical references and index.
533 _aElectronic reproduction.
_bPalo Alto, Calif. :
_cebrary,
_d2011.
_nAvailable via World Wide Web.
_nAccess may be limited to ebrary affiliated libraries.
650 0 _aEnglish fiction
_y20th century
_xHistory and criticism.
650 0 _aEnglish fiction
_y19th century
_xHistory and criticism.
650 0 _aMuseums in literature.
650 0 _aMuseums
_xSocial aspects
_zGreat Britain
_xHistory.
650 0 _aModernism (Literature)
_zGreat Britain.
655 7 _aElectronic books.
_2local
710 2 _aebrary, Inc.
856 4 0 _uhttp://site.ebrary.com/lib/rucke/Doc?id=10595445
_zAn electronic book accessible through the World Wide Web; click to view
999 _c219074
_d219074